<?xml version="1.0" encoding="UTF-8"?><marc:collection xmlns:marc="http://www.loc.gov/MARC21/slim">
  <marc:record>
    <marc:leader>00000nam  2200000za 4500</marc:leader>
    <marc:controlfield tag="001">9.559762</marc:controlfield>
    <marc:controlfield tag="003">CaOODSP</marc:controlfield>
    <marc:controlfield tag="005">20211027153039</marc:controlfield>
    <marc:controlfield tag="007">cr |||||||||||</marc:controlfield>
    <marc:controlfield tag="008">150406|2005||||xxc|||||o    f|0| 0 eng d</marc:controlfield>
    <marc:datafield tag="040" ind1=" " ind2=" ">
      <marc:subfield code="a">CaOODSP</marc:subfield>
      <marc:subfield code="b">eng</marc:subfield>
    </marc:datafield>
    <marc:datafield tag="043" ind1=" " ind2=" ">
      <marc:subfield code="a">n-cn---</marc:subfield>
    </marc:datafield>
    <marc:datafield tag="086" ind1="1" ind2=" ">
      <marc:subfield code="a">YM32-3/381-502E-PDF</marc:subfield>
    </marc:datafield>
    <marc:datafield tag="245" ind1="0" ind2="0">
      <marc:subfield code="a">Bill C-38 : </marc:subfield>
      <marc:subfield code="h">[electronic resource] </marc:subfield>
      <marc:subfield code="b">the Civil Marriage Act / </marc:subfield>
      <marc:subfield code="c">[by] Mary C. Hurley. </marc:subfield>
    </marc:datafield>
    <marc:datafield tag="260" ind1=" " ind2=" ">
      <marc:subfield code="b">Library of Parliament. </marc:subfield>
      <marc:subfield code="c">29 June 2005.</marc:subfield>
    </marc:datafield>
    <marc:datafield tag="300" ind1=" " ind2=" ">
      <marc:subfield code="a">20p.</marc:subfield>
    </marc:datafield>
    <marc:datafield tag="490" ind1="1" ind2=" ">
      <marc:subfield code="a">Legislative summary</marc:subfield>
      <marc:subfield code="v">LS-502E</marc:subfield>
    </marc:datafield>
    <marc:datafield tag="590" ind1=" " ind2=" ">
      <marc:subfield code="a">05-01-Supp</marc:subfield>
      <marc:subfield code="b">2005-09-16</marc:subfield>
    </marc:datafield>
    <marc:datafield tag="710" ind1="1" ind2=" ">
      <marc:subfield code="a">Canada.</marc:subfield>
      <marc:subfield code="b">Library of Parliament. </marc:subfield>
      <marc:subfield code="b">Parliamentary Research Branch.</marc:subfield>
    </marc:datafield>
    <marc:datafield tag="775" ind1="0" ind2="8">
      <marc:subfield code="t">Le projet de Loi C-38 : </marc:subfield>
      <marc:subfield code="w">(CaOODSP)9.592485</marc:subfield>
    </marc:datafield>
    <marc:datafield tag="830" ind1="#" ind2="0">
      <marc:subfield code="a">Legislative summary (Canada. Parliamentary Information and Research Service)</marc:subfield>
      <marc:subfield code="v">LS-502E</marc:subfield>
      <marc:subfield code="w">(CaOODSP)9.504770</marc:subfield>
    </marc:datafield>
    <marc:datafield tag="856" ind1="4" ind2="0">
      <marc:subfield code="a">http://publications.gc.ca</marc:subfield>
      <marc:subfield code="q">PDF</marc:subfield>
      <marc:subfield code="s">100 KB</marc:subfield>
      <marc:subfield code="u">https://publications.gc.ca/collections/Collection-R/LoPBdP/LS/381/381-502E.pdf</marc:subfield>
      <marc:subfield code="y">LS-502E</marc:subfield>
    </marc:datafield>
  </marc:record>
</marc:collection>
